| 000 | 01456cam a2200337Ii 4500 | ||
|---|---|---|---|
| 001 | prayerofjesusits00monk | ||
| 003 | CaSfIA | ||
| 005 | 20210118211702.0 | ||
| 007 | cr|||| | ||
| 008 | 770916s1967 nyu 000 0 eng | ||
| 010 | _a 67017677 | ||
| 040 |
_aDLC _cRSC _dOCL _dOCLCQ _dNLGGC _dQE2 _dCaSfIA |
||
| 035 | _a(OCoLC)3269100 | ||
| 041 | 1 |
_aeng _hfre |
|
| 050 | 4 |
_aBT590.J28 _bP7413 |
|
| 082 | 4 | _a248.31 | |
| 084 |
_a11.63 _2bcl |
||
| 130 | 0 |
_aLa prière de Jesus. _lEnglish. |
|
| 245 | 1 | 4 |
_aThe prayer of Jesus : _h[electronic resource] _bits genesis, development and practice in the Byzantine-Slavic religious tradition / _ca monk of the Eastern Church ; translated from the fourth French edition by a monk of the Western Church. |
| 260 |
_aNew York : _bDesclee, _c[1967] |
||
| 300 |
_a124 p. ; _c24 cm. |
||
| 504 | _aBibliographical footnotes. | ||
| 630 | 0 | 0 | _aJesus prayer. |
| 650 | 1 | 7 |
_aJezusgebed. _2gtt |
| 700 | 0 | _aA monk of the Eastern Church. | |
| 856 | 4 | 1 |
_uhttp://www.archive.org/details/prayerofjesusits00monk _zFree eBook from the Internet Archive |
| 029 | 1 |
_aNLGGC _b250211637 |
|
| 942 | _cEB | ||
| 506 | _fНеобхідна авторизація на https://archive.org/ (створення облікового запису безкоштовно) | ||
| 506 | _fНеобхідна авторизація на https://openlibrary.org/ (створення облікового запису безкоштовно) | ||
| 999 |
_c538597 _d538597 |
||